<?xml version="1.0" encoding="UTF-8"?>
<record
    xmlns:xsi="http://www.w3.org/2001/XMLSchema-instance"
    xsi:schemaLocation="http://www.loc.gov/MARC21/slim http://www.loc.gov/standards/marcxml/schema/MARC21slim.xsd"
    xmlns="http://www.loc.gov/MARC21/slim">

  <leader>04462cam a22004934i 4500</leader>
  <controlfield tag="003">PE-LiUPU</controlfield>
  <controlfield tag="005">20250731173420.0</controlfield>
  <controlfield tag="008">150706s2007    mou     r     000 0 spa d</controlfield>
  <datafield tag="020" ind1=" " ind2=" ">
    <subfield code="a">9780758614605</subfield>
  </datafield>
  <datafield tag="035" ind1=" " ind2=" ">
    <subfield code="a">(Sirsi) i9780758614605</subfield>
  </datafield>
  <datafield tag="040" ind1=" " ind2=" ">
    <subfield code="a">PE-LiUPU</subfield>
    <subfield code="b">spa</subfield>
    <subfield code="c">PE-LiUPU</subfield>
    <subfield code="e">rda</subfield>
  </datafield>
  <datafield tag="049" ind1=" " ind2=" ">
    <subfield code="a">PRUA</subfield>
  </datafield>
  <datafield tag="082" ind1="0" ind2="4">
    <subfield code="a">252.6</subfield>
    <subfield code="b">L98</subfield>
    <subfield code="2">21</subfield>
  </datafield>
  <datafield tag="100" ind1="1" ind2=" ">
    <subfield code="a">Lutero, Mart&#xED;n,</subfield>
    <subfield code="d">1483-1546,</subfield>
    <subfield code="e">autor.</subfield>
    <subfield code="9">1490</subfield>
  </datafield>
  <datafield tag="245" ind1="1" ind2="0">
    <subfield code="a">Mart&#xED;n Lutero Sermones /</subfield>
    <subfield code="c">Mart&#xED;n Lutero.</subfield>
  </datafield>
  <datafield tag="264" ind1=" " ind2="1">
    <subfield code="a">[Missouri] :</subfield>
    <subfield code="b">Editorial Concordia,</subfield>
    <subfield code="c">2007.</subfield>
  </datafield>
  <datafield tag="300" ind1=" " ind2=" ">
    <subfield code="a">479 p&#xE1;ginas ;</subfield>
    <subfield code="c">23 cent&#xED;metros</subfield>
  </datafield>
  <datafield tag="336" ind1=" " ind2=" ">
    <subfield code="a">text</subfield>
    <subfield code="2">rdacontent</subfield>
  </datafield>
  <datafield tag="337" ind1=" " ind2=" ">
    <subfield code="a">unmediated</subfield>
    <subfield code="2">rdamedia</subfield>
  </datafield>
  <datafield tag="338" ind1=" " ind2=" ">
    <subfield code="a">volume</subfield>
    <subfield code="2">rdacarrier</subfield>
  </datafield>
  <datafield tag="505" ind1="0" ind2=" ">
    <subfield code="a">Dr. Mart&#xED;n Lutero, predicador de Wittenberg -- Qu&#xE9; caracteriza al buen predicador y la buena pr&#xE9;dica. Serm&#xF3;n de Lutero sobre Mateo 5:1, 2 -- El mensaje de Cristo. Navidad -- El Rey enviado por Dios -- Un ni&#xF1;o nos es nacido -- El reino de la paz -- El dador del gran gozo -- Viernes Santo -- Jes&#xFA;s, el vencedor de nuestras tribulaciones. Historia de la pasi&#xF3;n seg&#xFA;n los 4 evangelios -- Pascua y ascensi&#xF3;n -- Cristo nos quita nuestros pecados y nos da su justicia -- El primog&#xE9;nito entre muchos hermanos -- Cristo es el que nos da la orden de predicar el evangelio -- Pentecost&#xE9;s -- Jes&#xFA;s, el Mediador de la justicia verdadera, 3. Art&#xED;culo del credo apost&#xF3;lico -- Cristo nos ense&#xF1;a qu&#xE9; es el verdadero discipulado -- El Esp&#xED;ritu Santo nos habla de Cristo, el don de Dios para el hombre -- Trinidad -- Nos es necesario nacer de nuevo -- La fe en el Dios Trino, el credo apost&#xF3;lico -- D&#xED;as especiales de la iglesia -- La posici&#xF3;n del cristiano frente a la ley de Mois&#xE9;s (d&#xED;a de S. Bartolom&#xE9;) -- La obra propia de Dios, y su obra extra&#xF1;a (d&#xED;a de Sto. Tom&#xE1;s) -- Lo que nos motiva a temer a Dios y amar la justicia (d&#xED;a de S. Juan) -- La base de la comuni&#xF3;n eclesi&#xE1;stica (d&#xED;a de S. Pedro y S. Pablo) -- El camino de la iglesia de Cristo -- La justificaci&#xF3;n por la fe -- Lo que el 1er mandamiento exige y lo que promete (a) -- Lo que el 1er mandamiento exige y lo que promete (b) -- La lucha permanente del cristiano contra s&#xED; mismo -- La santificaci&#xF3;n de la vida mediante el poder que otorga la fe -- La iglesia hermanada en Cristo -- La unidad de la iglesia en Cristo -- Las sagradas escrituras - el sost&#xE9;n de la iglesia -- Es consolador para el cristiano que sufre, saber que otros sufren con &#xE9;l -- La lucha que la iglesia tiene que librar por orden de Dios -- La iglesia es tentada por Satan&#xE1;s -- La lucha y la victoria de la fe cristiana -- El cristiano se aferra a la palabra de Dios -- La oraci&#xF3;n de los cristianos en el nombre de Jes&#xFA;s -- La vida cotidiana del cristiano en su vocaci&#xF3;n -- La fe demuestra su vitalidad mediante obras de amor -- La fe hace que nuestra obediencia a Dios sea libre de ansiedades -- Reconozcamos y agradezcamos con gozo la providencia divina -- El uso responsable de los bienes materiales -- La agradecida estimaci&#xF3;n del estado matrimonial -- El cristiano sirve espont&#xE1;neamente a sus autoridades -- La confusi&#xF3;n de los reinos: Ley de Dios - ley de los hombres -- La esperanza de la iglesia -- El juicio de Dios sobre el mundo -- Dios manifiesta a los cristianos su divina gloria -- La promesa de Dios para la creaci&#xF3;n que gime -- La vida de Cristo en la tierra -- Cristo instituye el bautismo -- Cristo nos trae perd&#xF3;n y nos ense&#xF1;a una nueva obediencia -- Cristo, ejemplo de humildad y sacrificio -- Cristo nos salva de la muerte y del juicio.</subfield>
  </datafield>
  <datafield tag="526" ind1=" " ind2=" ">
    <subfield code="a">SEG42</subfield>
  </datafield>
  <datafield tag="526" ind1=" " ind2=" ">
    <subfield code="a">SEG41</subfield>
  </datafield>
  <datafield tag="526" ind1=" " ind2=" ">
    <subfield code="a">SEG40</subfield>
  </datafield>
  <datafield tag="526" ind1=" " ind2=" ">
    <subfield code="a">SEG39</subfield>
  </datafield>
  <datafield tag="526" ind1=" " ind2=" ">
    <subfield code="a">P94</subfield>
  </datafield>
  <datafield tag="526" ind1=" " ind2=" ">
    <subfield code="a">P87</subfield>
  </datafield>
  <datafield tag="526" ind1=" " ind2=" ">
    <subfield code="a">P86</subfield>
  </datafield>
  <datafield tag="526" ind1=" " ind2=" ">
    <subfield code="a">P85</subfield>
  </datafield>
  <datafield tag="526" ind1=" " ind2=" ">
    <subfield code="a">P77</subfield>
  </datafield>
  <datafield tag="526" ind1=" " ind2=" ">
    <subfield code="a">P76</subfield>
  </datafield>
  <datafield tag="526" ind1=" " ind2=" ">
    <subfield code="a">P35</subfield>
  </datafield>
  <datafield tag="541" ind1=" " ind2=" ">
    <subfield code="g">001-0000583;</subfield>
  </datafield>
  <datafield tag="600" ind1="1" ind2=" ">
    <subfield code="a">Lutero, Mart&#xED;n.</subfield>
    <subfield code="d">1483-1546</subfield>
    <subfield code="v">Sermones</subfield>
  </datafield>
  <datafield tag="650" ind1="0" ind2="4">
    <subfield code="a">Sermones b&#xED;blicos.</subfield>
  </datafield>
  <datafield tag="700" ind1="1" ind2=" ">
    <subfield code="a">Sexauer, Erich,</subfield>
    <subfield code="e">editor.</subfield>
  </datafield>
  <datafield tag="710" ind1="2" ind2=" ">
    <subfield code="a">Comisi&#xF3;n editora de las obras de Mart&#xED;n Lutero</subfield>
  </datafield>
  <datafield tag="910" ind1=" " ind2=" ">
    <subfield code="a">gl</subfield>
    <subfield code="c">jck</subfield>
    <subfield code="d">20120610</subfield>
  </datafield>
  <datafield tag="942" ind1=" " ind2=" ">
    <subfield code="2">ddc</subfield>
    <subfield code="c">BOOK</subfield>
  </datafield>
  <datafield tag="949" ind1=" " ind2=" ">
    <subfield code="a">252.6 L98</subfield>
    <subfield code="w">DEWEY</subfield>
    <subfield code="c">1</subfield>
    <subfield code="i">64924</subfield>
    <subfield code="l">CCODEBUL1</subfield>
    <subfield code="m">BUL</subfield>
    <subfield code="p">22.00</subfield>
    <subfield code="r">0</subfield>
    <subfield code="s">Y</subfield>
    <subfield code="t">BOOK</subfield>
    <subfield code="u">2015-7-6</subfield>
    <subfield code="x">TEOLOGIA</subfield>
    <subfield code="P">P35</subfield>
    <subfield code="o">.STAFF. Colecci&#xF3;n General</subfield>
  </datafield>
  <datafield tag="994" ind1=" " ind2=" ">
    <subfield code="a">C0</subfield>
    <subfield code="b">PEPRU</subfield>
  </datafield>
  <datafield tag="596" ind1=" " ind2=" ">
    <subfield code="a">1</subfield>
  </datafield>
  <datafield tag="999" ind1=" " ind2=" ">
    <subfield code="a">252.6 L98</subfield>
    <subfield code="w">DEWEY</subfield>
    <subfield code="c">53632</subfield>
    <subfield code="i">64924</subfield>
    <subfield code="d">53632</subfield>
    <subfield code="e">2017-8-31</subfield>
    <subfield code="f">2021-11-10</subfield>
    <subfield code="g">5</subfield>
    <subfield code="l">CCODEBUL1</subfield>
    <subfield code="m">BUL</subfield>
    <subfield code="n">5</subfield>
    <subfield code="p">22.00</subfield>
    <subfield code="q">1</subfield>
    <subfield code="r">0</subfield>
    <subfield code="s">Y</subfield>
    <subfield code="t">BOOK</subfield>
    <subfield code="u">2015-7-6</subfield>
    <subfield code="x">TEOLOGIA</subfield>
    <subfield code="P">P35</subfield>
    <subfield code="0">COMPRA</subfield>
    <subfield code="o">.STAFF. Colecci&#xF3;n Teolog&#xED;a</subfield>
  </datafield>
  <datafield tag="980" ind1=" " ind2=" ">
    <subfield code="8">1</subfield>
    <subfield code="g">ALBERTO SANCHEZ Responsable de Automatizaci&#xF3;n</subfield>
  </datafield>
  <datafield tag="952" ind1=" " ind2=" ">
    <subfield code="r">2025-12-03 00:00:00</subfield>
    <subfield code="i">6</subfield>
    <subfield code="l">7</subfield>
    <subfield code="o">252.6 L98</subfield>
    <subfield code="p">64924</subfield>
    <subfield code="s">2025-10-14</subfield>
    <subfield code="t">e1</subfield>
    <subfield code="v">27.00</subfield>
    <subfield code="w">2015-07-06</subfield>
    <subfield code="x">FT</subfield>
    <subfield code="y">BK</subfield>
    <subfield code="z">inventario-2023-12-13</subfield>
    <subfield code="1">0</subfield>
    <subfield code="2">ddc</subfield>
    <subfield code="5">0</subfield>
    <subfield code="7">0</subfield>
    <subfield code="8">GEN</subfield>
    <subfield code="f">P35</subfield>
    <subfield code="a">BUL</subfield>
    <subfield code="b">BUL</subfield>
    <subfield code="c">GEN</subfield>
    <subfield code="d">2015-07-06</subfield>
    <subfield code="e">COMPRA</subfield>
    <subfield code="g">22.00</subfield>
  </datafield>
</record>
